| 000 | 00363nam a2200145Ia 4500 | ||
|---|---|---|---|
| 008 | 150201s2002 xx 000 0 und d | ||
| 082 |
_a612 _bC2002C |
||
| 100 | _aCHAUDHRI,SUJIT.K. | ||
| 245 | _aCONCISE MEDICAL PHYSIOLOGY | ||
| 250 | _a4TH | ||
| 260 |
_bNEW CENTRAL BOOK AGENCY _aCALCUTTA _c2002 |
||
| 300 | _a1-580 | ||
| 650 | _aPHYSIOLOGY | ||
| 942 |
_2ddc _cBK _02 |
||
| 999 |
_c2494 _d2494 |
||